Apreciación de los resultados de la acción educativa

Uloženo v:
Podrobná bibliografie
Hlavní autor: Ravera Alfredo
Médium: Kniha
Jazyk:španělština
Vydáno: Buenos Aires. Kapelusz. 1959.
Témata:
Tagy: Přidat tag
Žádné tagy, Buďte první, kdo vytvoří štítek k tomuto záznamu!

MARC

LEADER 00000nam a22000005a 4500
001 18170
003 CL-ChBUA
005 20120815103653.0
008 070301s1959 ag 000 0dspa
040 |a CL-ChBUA  |c CL-ChBUA 
082 0 0 |a 371.27 
090 |c 18170  |d 18170 
100 1 |a Ravera Alfredo. 
245 1 0 |a Apreciación de los resultados de la acción educativa 
260 |b Kapelusz.  |a Buenos Aires.  |c 1959. 
300 |a 181 p.  |c 20 cm. 
504 |a Bibl., índice. 
650 4 |a TEST Y MEDICIONES EDUCACIONALES. 
650 4 |a EVALUACIÓN EN EDUCACION. 
942 |c LIB 
952 |0 0  |1 0  |2 ddc  |4 0  |6 371_270000000000000_R_254__C_2  |7 0  |9 25083  |a UNACH  |b UNACH  |c 300  |d 2007-03-05  |i 8.876  |l 0  |o 371.27 / R 254. c.2  |p 26082  |r 2022-08-26 00:00:00  |u 25083  |w 2012-08-08  |y LIB 
952 |0 0  |1 0  |2 ddc  |4 0  |6 371_270000000000000_R_254__C_1  |7 0  |9 25084  |a UNACH  |b UNACH  |c 300  |d 2007-03-05  |i 5.305  |l 0  |o 371.27 / R 254. c.1  |p 26083  |r 2019-05-02 00:00:00  |u 25084  |w 2012-08-08  |y LIB 
999 |c 18170  |d 18170